000 00284 a2200121 4500
001 76312
005 20260416120047.0
010 _a972-710-160-7
090 _a76312
100 _a20260416 pory50
200 _aAs origens da Geometria
_fMichel Serres
210 _cTerramar
_d1997
942 _cMON